000 02376cam a22004934i 4500
003 PE-LiUPU
005 20250731173114.0
008 190314s2017 ne rb 001 0 eng d
020 _a9004358374
020 _a9789004358379
035 _a(Sirsi) a251963
040 _aPE-LiUPU
_bspa
_cPE-LiUPU
_erda
_dPE-LiUPU
_erda
049 _aPRUA
082 0 4 _a229
_bA6
_223
245 0 0 _aApocalyptic thinking in early Judaism :
_bengaging with John Collins' The Apocalyptic imagination /
_c(edición)Cecilia Wassen, Sidnie White Crawford.
264 1 _aLeiden :
_bBrill,
_c2017.
300 _aix, 226 páginas ;
_c23 centímetros.
336 _atext
_2rdacontent
337 _aunmediated
_2rdamedia
338 _avolume
_2rdacarrier
490 0 _aSupplements to the Journal for the study of Judaism,
_x 1384-2161 ;
_v182
504 _aBibliografía al final de cada capítulo.
504 _aÍndice: páginas 215-226.
505 0 _aThe Apocalypse and the sage: Assessing the contribution of John J. Collins to the study of Apocalypticim -- Adwelling place of demons: Demonology and Apocalypicism in the dead sea scrolls -- End time temples in the dead sea scrolls: Expectations and conflict -- Situating the Aramaic text from Qumran: Reconsidering their language and Socio-Historical settings -- The Aramaic imagination: Incubating Apocalyptic thought and Genre in Dream-Visions among the Qumran Aramaic texts -- Origins of Evil in Genesis and the Apocalyptic traditions -- Eschatology and time in 1 Enoch -- The Ram and Qumran: The eschatological character of the Ram in the animal Apocalypse (1 En.90:10-13) -- Comparative eschatology: Paul's letters and the dead sea scrolls -- The end is not yet: Concluding reflections.
526 _aSEG42
526 _aSEG41
526 _aSEG40
526 _aSEG39
526 _aP94
526 _aP87
526 _aP86
526 _aP85
526 _aP77
526 _aP76
526 _aP35
600 1 4 _aCollins, John J. -
_q(John Joseph),
_d1946-
_xImaginación apocalíptica.
650 2 4 _aLiteratura apocalíptica
_xHistoria y crítica.
700 1 _aWassen, Cecilia,
_eeditor.
700 1 _aCrawford, Sidnie White,
_eeditor.
910 _adbm
942 _2ddc
_cBK
999 _c31223
_d31223
980 _81
_gALBERTO SANCHEZ Responsable de Automatización